[Event "Saarland-ch B 89th"]
[Site "Stennweiler"]
[Date "2014.04.13"]
[Round "3"]
[White "Bollbach, Ullrich"]
[Black "Schmitz, Klaus"]
[Result "0-1"]
[WhiteElo "1412"]
[BlackElo "1751"]
[PlyCount "94"]
[EventDate "2014.04.11"]
[EventType "swiss"]
[EventRounds "9"]
[EventCountry "GER"]
[SourceTitle "EXT 2016"]
[Source "ChessBase"]
[SourceDate "2015.10.08"]
[SourceVersion "1"]
[SourceVersionDate "2015.10.08"]
[SourceQuality "1"]

1. e4 e5 2. Nf3 Nc6 3. Nc3 Nf6 4. Bb5 a6 5. Ba4 b5 6. Bb3 Bc5 7. 0-0 0-0 8. d3 d6 9. Bg5 Be6 10. Bd5 Bd7 11. a3 Qe7 12. Ne2 Rab8 13. d4 exd4 14. Nfxd4 Nxd4 15. Nxd4 Qe5 16. Bxf6 Qxf6 17. c3 Be6 18. b4 Bb6 19. Bc6 Qe5 20. a4 Bc4 21. Re1 Bxd4 22. Qxd4 Rb6 23. Bd5 Qxd4 24. cxd4 c6 25. a5 Rbb8 26. Bxc6 Rbc8 27. d5 Rc7 28. e5 dxe5 29. Rxe5 f6 30. Re3 Rd8 31. Rd1 Rxc6 32. Re8+ Rxe8 33. dxc6 Rc8 34. Rd6 Kf8 35. f3 Rc7 36. Kf2 Ke7 37. Rd4 Rxc6 38. Rh4 h6 39. Ke3 Bf1 40. Rg4 g5 41. h4 Rc4 42. hxg5 hxg5 43. Kf2 Rxg4 44. fxg4 Bc4 45. Ke3 Kd6 46. g3 Ke5 47. Kd2 Kd4 0-1

[Event "Saarland-ch A"]
[Site "Schiffweiler"]
[Date "2009.04.10"]
[Round "8"]
[White "Wagner, Horst"]
[Black "Schmitz, Klaus"]
[Result "0-1"]
[WhiteElo "1721"]
[BlackElo "1811"]
[PlyCount "54"]
[EventDate "2009.04.03"]
[EventType "swiss"]
[EventRounds "9"]
[EventCountry "GER"]
[SourceTitle "EXT 2012"]
[Source "ChessBase"]
[SourceDate "2011.11.24"]
[SourceVersion "1"]
[SourceVersionDate "2011.11.24"]
[SourceQuality "1"]

1. e4 c5 2. d4 cxd4 3. c3 Nc6 4. Nf3 e6 5. cxd4 d5 6. exd5 Qxd5 7. Be2 Nf6 8. Nc3 Qd8 9. 0-0 Be7 10. Re1 0-0 11. a3 a6 12. Bf4 Bd6 13. Bg5 Be7 14. Qd2 Nd5 15. Bd3 Bxg5 16. Nxg5 h6 17. Nxd5 Qxd5 18. Nh7 Rd8 19. Re3 Qxd4 20. Rg3 Kh8 21. Rh3 f5 22. Qg5 Kxh7 23. Qh5 Qf6 24. Qe2 Kg8 25. Re1 Nd4 26. Qe3 b5 27. Qf4 Bb7 0-1

[Event "Saarland-ch B"]
[Site "Eppelborn"]
[Date "2008.03.26"]
[Round "6"]
[White "Loew, Bernd"]
[Black "Schmitz, Klaus"]
[Result "0-1"]
[WhiteElo "1622"]
[BlackElo "1843"]
[PlyCount "54"]
[EventDate "2008.03.14"]
[EventType "swiss"]
[EventRounds "7"]
[EventCountry "GER"]
[SourceTitle "EXT 2010"]
[Source "ChessBase"]
[SourceDate "2010.11.25"]
[SourceVersion "1"]
[SourceVersionDate "2010.11.25"]
[SourceQuality "1"]

1. e4 d6 2. d4 Nf6 3. Nc3 g6 4. Bg5 Bg7 5. Be2 0-0 6. Qd2 c5 7. dxc5 dxc5 8. 0-0-0 Qa5 9. e5 Ng4 10. Bxg4 Bxg4 11. f3 Be6 12. a3 Nc6 13. f4 Rfd8 14. Qe1 b5 15. Ne4 Rxd1+ 16. Qxd1 Rd8 17. Qf1 b4 18. Qe1 Qb5 19. Nf3 bxa3 20. b3 c4 21. Nc3 Qb7 22. Nd2 cxb3 23. cxb3 Bxb3 24. Qe4 a2 25. Nxb3 Qxb3 26. Nxa2 Qxa2 27. Qb1 Qd2# 0-1